AFL Coleman Medal Winners - Statistics

General Stats
  • This quiz has been taken 13 times
  • The average score is 11 of 14
Answer Stats
Year Goals Player % Correct
2025 83 Jeremy Cameron
100%
2024 77 Jesse Hogan
100%
2022 64 Charlie Curnow
91%
2023 78 Charlie Curnow
91%
2019 67 Jeremy Cameron
91%
2014 67 Lance Franklin
91%
2021 58 Harry McKay
82%
2018 69 Jack Riewoldt
82%
2015 75 Josh Kennedy
82%
2016 80 Josh Kennedy
82%
2020 42 Tom Hawkins
82%
2017 65 Lance Franklin
73%
2012 65 Jack Riewoldt
55%
2013 68 Jarryd Roughead
45%
No matching quizzes found
Score Distribution
Percent of People with Each Score
Percentile by Number Answered
Your Score History
You have not taken this quiz